000
00256nam a22001217a 4500
082
_a
001
_b
SHA/S
100
_a
SHARON BOOKS
245
_a
SAMBOORNA ENJUVADI
260
_a
CHERTHALA
_b
SHARON BOOKS
300
_a
66
650
_a
MALAYALAM
_z
KERALA
942
_c
BK
999
_c
1004
_d
1004